Enfermedades del hígado / (Record no. 139685)

MARC details
000 -LEADER
campo de control de longitud fija 00809nam a2200229 4500
001 - NÚMERO DE CONTROL
campo de control 139685
003 - IDENTIFICADOR DE NÚMERO DE CONTROL
campo de control ES-MaACL
005 - FECHA Y HORA DE LA ÚLTIMA TRANSACCIÓN
campo de control 20230906195856.0
007 - CAMPO FIJO DE DESCRIPCIÓN FÍSICA--INFORMACIÓN GENERAL
campo de control de longitud fija t|
008 - DATOS DE LONGITUD FIJA--INFORMACIÓN GENERAL
campo de control de longitud fija 070214s1960 sp r ||||1| spa d
100 1# - ENTRADA PRINCIPAL--NOMBRE DE PERSONA
Nombre de persona Schiff, Leon.
9 (RLIN) 104343
245 10 - MENCIÓN DEL TÍTULO
Título Enfermedades del hígado /
Mención de responsabilidad, etc. por el prof. Dr. Leon Schiff y colaboradores ; prólogo de Cecil J. Watson ; traducción de Juan Massot Gimeno.
260 ## - PUBLICACIÓN, DISTRIBUCIÓN, ETC.
Lugar de publicación, distribución, etc. Barcelona [etc.] :
Nombre del editor, distribuidor, etc. Labor,
Fecha de publicación, distribución, etc. 1960.
300 ## - DESCRIPCIÓN FÍSICA
Extensión XVI, 704 p., 2 lám. col. :
Otras características físicas il. ;
Dimensiones 26 cm.
490 1# - MENCIÓN DE SERIE
Mención de serie Tít. orig.: Diseases of the liver
700 1# - ENTRADA AGREGADA--NOMBRE PERSONAL
Nombre de persona Watson, Cecil J.
9 (RLIN) 116178
700 1# - ENTRADA AGREGADA--NOMBRE PERSONAL
Nombre de persona Massot Gimeno, Juan.
9 (RLIN) 78859
740 0# - ENTRADA AGREGADA--TÍTULO RELACIONADO/ANALÍTICO NO CONTROLADO
Título relacionado o analítico no controlado Diseases of the liver.
830 0# - PUNTO DE ACCESO ADICIONAL DE SERIE-TÍTULO UNIFORME
Título uniforme Tít. orig.: Diseases of the liver
9 (RLIN) 220258
852 ## - LOCALIZACIÓN
Ubicación ES-MaACL
Número de control de estantería C-18212
Sublocalización o colección R.46243
Holdings
Estatus retirado Estado de pérdida Estado de daño No para préstamo Biblioteca de origen Biblioteca actual Ubicación en estantería Fecha de adquisición Fuente de adquisición Total de préstamos Signatura topográfica completa Código de barras Visto por última vez Precio de reemplazo Tipo de ítem Koha
        Biblioteca del Ateneo de Madrid Biblioteca del Ateneo de Madrid Galería 17/01/2008     C-18212 1145363 23/02/2023 23/02/2023 Libro impreso